Жидкие кристаллы и их практическое применение: межвузовский сборник научных трудов

Bibliographic Details
Corporate Author: Ивановский государственный университет (ИвГУ)
Other Authors: Чистяков И. Г. Игорь Григорьевич (редактор)
Language:Russian
Published: Иваново, Изд-во ИвГУ, 1982
Subjects:
Format: MixedMaterials Book
KOHA link:https://koha.lib.tpu.ru/cgi-bin/koha/opac-detail.pl?biblionumber=289219

MARC

LEADER 00000nam0a2200000 4500
001 289219
005 20231102000151.0
020 |a RU  |b 83-65736 
035 |a (RuTPU)RU\TPU\book\313724 
090 |a 289219 
100 |a 20150331d1982 k y0rusy5003 ca 
101 0 |a rus 
102 |a RU 
105 |a a z 001zy 
200 1 |a Жидкие кристаллы и их практическое применение  |e межвузовский сборник научных трудов  |f Ивановский государственный университет (ИвГУ) ; под ред. И. Г. Чистякова 
210 |a Иваново  |c Изд-во ИвГУ  |d 1982 
215 |a 164 с.  |c ил. 
320 |a Библиография в конце статей 
606 1 |a Кристаллы жидкие  |x Физика  |2 stltpush  |3 (RuTPU)RU\TPU\subj\66387  |9 82544 
610 1 |a структура 
610 1 |a электрические свойства 
610 1 |a электрооптические свойства 
610 1 |a применение 
610 1 |a наука 
610 1 |a медицина 
675 |a 532.78  |v 3 
702 1 |a Чистяков  |b И. Г.  |g Игорь Григорьевич  |4 340 
712 0 2 |a Ивановский государственный университет (ИвГУ)  |2 stltpush  |3 (RuTPU)RU\TPU\col\442 
801 0 |a RU  |b RuMRKP  |c 19950704  |g psbo 
801 1 |a RU  |b 63413507  |c 20150331 
801 2 |a RU  |b 63413507  |c 20180212  |g RCR 
942 |c BK